Beitrage zur Kritik der neoricardianischen und neoklassischen Theorie

Αποθηκεύτηκε σε:
Λεπτομέρειες βιβλιογραφικής εγγραφής
Κύριος συγγραφέας: Σταμάτης, Γιώργος
Μορφή: Βιβλίο
Γλώσσα:German
Δημοσίευση: Gottingen : Verein zur Forderung Gesellschaftstheoretischer Studien e.V., 1979
Σειρά:Gottinger Beitrage zur Gesellschaftstheorie ; ; 4
Θέματα:
Ετικέτες: Προσθήκη ετικέτας
Δεν υπάρχουν, Καταχωρήστε ετικέτα πρώτοι!

MARC

LEADER 00000cam a2200000 i 4500
001 1/6998
008 000619s1979 ger d
020 |a 3921701031 
035 |l 10062129 
040 |a GR-MY-UA  |b gre  |e aacr 
041 0 |a ger 
082 0 |a 335.4 
100 1 |a Σταμάτης, Γιώργος. 
245 1 0 |a Beitrage zur Kritik der neoricardianischen und neoklassischen Theorie /  |c Georgios Stamatis 
260 |a Gottingen :   |b Verein zur Forderung Gesellschaftstheoretischer Studien e.V.,   |c 1979 
300 |a 196 p. 
490 1 |a Gottinger Beitrage zur Gesellschaftstheorie  |v ; 4 
504 |a Includes bibliography 
650 0 0 |a Value. 
650 0 0 |a Capital. 
650 0 0 |a Working class. 
650 0 0 |a Profit. 
650 0 0 |a Marxian economics. 
830 0 |a Gottinger Beitrage zur Gesellschaftstheorie ;  |v ; 4 
852 |a INST  |b LESVOS  |e 20000619  |h 335.4 ΣΤΑ  |p 005100023322  |q 005100023322  |t BK  |y 0 
909 |a Λ  |b 077682 
970 |z 2000/06/ΟΙΚΟΝΟΜΟΠΟΥΛΟΥ ΧΡΙΣΤΙΝΑ